Ośmiotysięczniki – Nagła Śmierć - Statystyki

Ogólne statystyki
  • Ten quiz został rozwiązany 1 051 razy
  • Średni wynik to 5 z 14
Answers on the Grid
Answers color-coded by a green-red scale on the quiz's grid according to % correct below.
Mount Everest
Mont Blanc
Nanda Devi
Lhotse
Gaszerbrum II
Broad Peak
Elbrus
Kilimandzaro
Gaszerbrum I
McKinley
Sziszapangma
Aconcagua
Gangkhar Puensum
Denali
Annapurna I
Piramida Carstensza
Nanga Parbat
Gyachung Kang
K2
Gaszerbrum III
Distaghil Sar
Manaslu
Himalchuli
Annapurna II
Czo Oju
Dhaulagiri
Maszerbrum
Kanczendzonga
Kanjut Sar
Ngadi Chuli
Makalu
Gaszerbrum IV
 
Statystyki odpowiedzi
Odpowiedź % Poprawnych
Mount Everest
97%
K2
69%
Lhotse
48%
Nanga Parbat
42%
Broad Peak
39%
Annapurna I
38%
Gaszerbrum I
36%
Gaszerbrum II
36%
Kanczendzonga
30%
Makalu
25%
Manaslu
24%
Sziszapangma
23%
Czo Oju
22%
Dhaulagiri
18%
Nie znaleziono quizów pasujących do podanych kryteriów
Rozkład punktacji
Procent ludzi z każdym wynikiem
Percentyl według liczby udzielonych odpowiedzi
Twoja historia wyników
Nie rozwiązałeś tego quizu